Fitness for life / (Record no. 7805)

MARC details
000 -LEADER
fixed length control field 00644nam a22002172 4500
001 - CONTROL NUMBER
control field 0000009158
005 - DATE AND TIME OF LATEST TRANSACTION
control field 20151217152050.0
008 - FIXED-LENGTH DATA ELEMENTS--GENERAL INFORMATION
fixed length control field 080909s xx 000 0 eng d
020 ## - INTERNATIONAL STANDARD BOOK NUMBER
International Standard Book Number 0073305004 :
Terms of availability KES 300
040 ## - CATALOGING SOURCE
Original cataloging agency KABU
Transcribing agency KABU
245 10 - TITLE STATEMENT
Title Fitness for life /
Statement of responsibility, etc. Thomas D. Fahey ...[et al]
260 ## - PUBLICATION, DISTRIBUTION, ETC. (IMPRINT)
Place of publication, distribution, etc. Boston :
Name of publisher, distributor, etc. McGraw-Hill,
Date of publication, distribution, etc. 2005.
300 ## - PHYSICAL DESCRIPTION
Extent 440 p.
650 #0 - SUBJECT ADDED ENTRY--TOPICAL TERM
Topical term or geographic name as entry element Physical fitness.
-- 0000150226
650 #0 - SUBJECT ADDED ENTRY--TOPICAL TERM
Topical term or geographic name as entry element Health.
-- 0000036860
700 1# - ADDED ENTRY--PERSONAL NAME
Personal name Fahey, Thomas D.
-- 0000160229
908 ## - PUT COMMAND PARAMETER (RLIN)
Put command parameter 080909
950 ## - LOCAL HOLDINGS (RLIN)
-- 1
Holdings
Withdrawn status Lost status Source of classification or shelving scheme Not for loan Home library Current library Date acquired Total Checkouts Full call number Barcode Date last seen Price effective from Koha item type
    Library of Congress Classification   Kabarak, Main Campus Kabarak, Main Campus 17/12/2015   GV481 .F58 2005 c. 1 009354 17/12/2015 17/12/2015 General Collection
    Library of Congress Classification   Kabarak, Main Campus Kabarak, Main Campus 17/12/2015   GV481 .F58 2005 c. 2 009355 17/12/2015 17/12/2015 General Collection
Designed with assistance from East African Informatics Ltd